000 00577nam a22002177a 4500
003 DO-SdBNP
005 20260120073951.0
007 ta
008 210518e dr ||||gr|||| 00| 0 spa d
040 _aDO-SdBNP
_bspa
_cBNPHU
041 _hspa
082 4 _a248.8
_bE74e
_222
100 1 _a Escoto, Isabel,
_978614
245 1 3 _aEl poder de persivir /
_cIsabel Escoto S.
260 _a[Santo Domingo] :
_b[s.n.]
_c[200-?]
300 _a67 p.
_c20 cm
590 _aInventariado, 2021/MFF
650 0 _aVida espiritual
_9268
650 0 _aVida cristiana
_9668
942 _2ddc
_cLBS1
999 _c49822
_d49822